Опыты философские, социальные и литературные: 1900-1906 гг.

ग्रंथसूची विवरण
मुख्य लेखक: Бердяев Н. А. Николай Александрович
भाषा:रूसी
प्रकाशित: Москва, Канон+, 2002
श्रृंखला:История философии в памятниках
विषय:
स्वरूप: पुस्तक
KOHA link:https://koha.lib.tpu.ru/cgi-bin/koha/opac-detail.pl?biblionumber=45382

MARC

LEADER 00000nam0a2200000 4500
001 45382
005 20231101210940.0
010 |a 588373085X 
035 |a (RuTPU)RU\TPU\book\47172 
090 |a 45382 
100 |a 20021209d2002 k y0rusy50 ca 
101 0 |a rus 
102 |a RU 
105 |a y z 001zy 
200 1 |a Опыты философские, социальные и литературные  |e 1900-1906 гг.  |f Н. А. Бердяев 
210 |a Москва  |c Канон+  |d 2002 
215 |a 656 с. 
225 1 |a История философии в памятниках 
320 |a Библиогр.: с. 643-653 
510 1 |a Sub specie aeternitatis  |z eng 
606 1 |a Русская философия  |x история  |z 20 в.  |2 stltpush  |3 (RuTPU)RU\TPU\subj\67507  |9 83282 
610 1 |a философия 
610 1 |a история 
610 1 |a социология 
610 1 |a литература 
610 1 |a идеализм 
610 1 |a политика 
686 |a Ю3(2)6  |v LBC/SL-A  |2 rubbk 
700 1 |a Бердяев  |b Н. А.  |c российский религиозный философ  |f 1874-1948  |g Николай Александрович  |2 stltpush  |3 (RuTPU)RU\TPU\pers\1153  |9 523 
801 1 |a RU  |b 63413507  |c 20021209  |g PSBO 
801 2 |a RU  |b 63413507  |c 20141003  |g PSBO 
942 |c BK